[Event "Titled Tuesday intern op 07th May Early"]
[Site "Chess.com INT"]
[Date "2024.05.07"]
[Round "8"]
[White "Klukin, Kirill"]
[Black "Causo, Deniel"]
[Result "1-0"]
[WhiteElo "2413"]
[BlackElo "2224"]
[PlyCount "33"]
[EventDate "2024.05.07"]
[EventType "swiss (blitz)"]
[EventRounds "11"]
[EventCountry "USA"]
[SourceTitle "EXT 2025"]
[Source "ChessBase"]
[SourceDate "2024.10.14"]
[SourceVersion "1"]
[SourceVersionDate "2024.10.14"]
[SourceQuality "1"]

1. e4 d5 2. exd5 Nf6 3. d4 Bg4 4. Nf3 Qxd5 5. Be2 Nc6 6. c4 Qf5 7. Nc3 0-0-0 8. d5 e6 9. Qa4 exd5 10. cxd5 Nxd5 11. Nh4 Qe5 12. Qxg4+ Kb8 13. Nxd5 Rxd5 14. 0-0 Bc5 15. Bf4 Qe7 16. Bf3 Rd4 17. Nf5 1-0

[Event "Titled Tuesday intern op 07th May Early"]
[Site "Chess.com INT"]
[Date "2024.05.07"]
[Round "4"]
[White "Parfenov, Viktor N"]
[Black "Causo, Deniel"]
[Result "1/2-1/2"]
[WhiteElo "2193"]
[BlackElo "2224"]
[PlyCount "145"]
[EventDate "2024.05.07"]
[EventType "swiss (blitz)"]
[EventRounds "11"]
[EventCountry "USA"]
[SourceTitle "EXT 2025"]
[Source "ChessBase"]
[SourceDate "2024.10.14"]
[SourceVersion "1"]
[SourceVersionDate "2024.10.14"]
[SourceQuality "1"]

1. e4 d5 2. exd5 Nf6 3. c4 c6 4. d4 cxd5 5. Nc3 Nc6 6. Bg5 e6 7. c5 Be7 8. Bb5 0-0 9. Bxc6 bxc6 10. Nge2 e5 11. 0-0 h6 12. Bh4 exd4 13. Nxd4 Bd7 14. b4 Re8 15. Qf3 Ne4 16. Bxe7 Rxe7 17. Nxe4 Rxe4 18. Rad1 Bg4 19. Qg3 Bxd1 20. Rxd1 Qd7 21. b5 cxb5 22. c6 Rxd4 23. Rxd4 Qxc6 24. h3 Re8 25. Qb3 Re5 26. g3 a6 27. a4 Re1+ 28. Kg2 Re4 29. axb5 axb5 30. Qxd5 Qxd5 31. Rxd5 b4 32. Rb5 Rc4 33. Rb7 g6 34. g4 Kg7 35. Kg3 Kf6 36. h4 Ke6 37. f3 Rd4 38. Kf2 h5 39. Kg3 hxg4 40. fxg4 Rd3+ 41. Kf4 Rd4+ 42. Kf3 Rc4 43. Kg3 f6 44. h5 gxh5 45. gxh5 Kf5 46. h6 Kg6 47. h7 Rc8 48. Rxb4 Kxh7 49. Kf4 Kg6 50. Rb1 Rc4+ 51. Kf3 Kg5 52. Rb5+ f5 53. Rb8 Rc3+ 54. Kf2 Kg4 55. Rg8+ Kf4 56. Rf8 Rc2+ 57. Kf1 Kg4 58. Kg1 f4 59. Kf1 Kf3 60. Kg1 Rc1+ 61. Kh2 Ke3 62. Kg2 Rc2+ 63. Kf1 Kf3 64. Kg1 Rc1+ 65. Kh2 Rf1 66. Ra8 Rf2+ 67. Kg1 Re2 68. Rf8 Rb2 69. Rf7 Kg3 70. Rg7+ Kf3 71. Rf7 Ke3 72. Re7+ Kf3 73. Rf7 1/2-1/2

[Event "Titled Tuesday intern op 07th May Early"]
[Site "Chess.com INT"]
[Date "2024.05.07"]
[Round "2"]
[White "Wyss, Jonas"]
[Black "Causo, Deniel"]
[Result "0-1"]
[WhiteElo "2283"]
[BlackElo "2224"]
[PlyCount "68"]
[EventDate "2024.05.07"]
[EventType "swiss (blitz)"]
[EventRounds "11"]
[EventCountry "USA"]
[SourceTitle "EXT 2025"]
[Source "ChessBase"]
[SourceDate "2024.10.14"]
[SourceVersion "1"]
[SourceVersionDate "2024.10.14"]
[SourceQuality "1"]

1. e4 d5 2. exd5 Nf6 3. Bb5+ Nbd7 4. Nc3 a6 5. Ba4 b5 6. Bb3 Nb6 7. Nf3 Bb7 8. 0-0 Nbxd5 9. Nxd5 Nxd5 10. d4 e6 11. a4 Be7 12. axb5 axb5 13. Rxa8 Qxa8 14. Qe2 0-0 15. Ne5 b4 16. f4 g6 17. g4 Bd6 18. f5 exf5 19. gxf5 Ba6 20. Bc4 Bxc4 21. Qxc4 Nb6 22. Qd3 Qd5 23. Bf4 c5 24. fxg6 hxg6 25. Nxg6 Re8 26. Qg3 Qxd4+ 27. Rf2 Re1+ 28. Kg2 Qe4+ 29. Kh3 Qf5+ 30. Kg2 Qe4+ 31. Kh3 fxg6 32. Bxd6 Re3 33. Re2 Rxg3+ 34. Bxg3 Qxe2 0-1